| 000 | 00584nam a2200193Ia 4500 | ||
|---|---|---|---|
| 003 | GCL | ||
| 008 | 140319s9999 xx 000 0 ara d | ||
| 040 |
_aGCL / _cGCL |
||
| 082 | 0 | 4 |
_a551.22 _bم ز |
| 100 | 1 | _aمصطفى محمود سليمان | |
| 245 | 1 | 0 |
_aالزلازل : من فجر التاريخ الى اليوم / _cمصطفى محمود سليمان |
| 300 | _a339 ص | ||
| 490 |
_aالالف كتاب الثانى _v0 |
||
| 650 | 0 | 4 | _aالزلازل |
| 650 | 0 | 4 | _aالتنبؤ |
| 650 | 0 | 4 | _aالكوارث الطبيعية |
| 650 | 0 | 4 | _aالارض |
| 942 |
_2ddc _cBK |
||
| 999 |
_c48883 _d48883 |
||